The life of Nelson, the embodiment of the Sea Power of Great Britain / (Record no. 158514)

MARC details
000 -LEADER
campo de control de longitud fija 00714nam a22001815i 4500
001 - NÚMERO DE CONTROL
campo de control 158514
003 - IDENTIFICADOR DE NÚMERO DE CONTROL
campo de control ES-MaACL
005 - FECHA Y HORA DE LA ÚLTIMA TRANSACCIÓN
campo de control 20230906211157.0
008 - DATOS DE LONGITUD FIJA--INFORMACIÓN GENERAL
campo de control de longitud fija 040831s1898 xxkabcf |||| | eng d
040 ## - FUENTE DE CATALOGACIÓN
Centro catalogador/agencia de origen CAM
Lengua de catalogación spa
Centro/agencia transcriptor CAM
100 1# - ENTRADA PRINCIPAL--NOMBRE DE PERSONA
Nombre de persona Mahan, Alfred Thoyer.
9 (RLIN) 129355
245 14 - MENCIÓN DEL TÍTULO
Título The life of Nelson, the embodiment of the Sea Power of Great Britain /
Mención de responsabilidad, etc. by A.T. Mahan.
260 ## - PUBLICACIÓN, DISTRIBUCIÓN, ETC.
Lugar de publicación, distribución, etc. London :
Nombre del editor, distribuidor, etc. Sampson Low, Marston & Company,
Fecha de publicación, distribución, etc. 1898 (
Fabricante John Wilson and Son)
300 ## - DESCRIPCIÓN FÍSICA
Extensión 2 v. (XXIII, 454 ; 427 p., láms., maps.) ;
Dimensiones 23 cm.
599 ## - NOTA A LAS ILUSTRACIONES
NOTA A LAS ILUSTRACIONES Las h. de lám., retratos, maps.
600 14 - PUNTO DE ACCESO ADICIONAL DE MATERIA--NOMBRE DE PERSONA
Nombre de persona Nelson, Horatio
Títulos y otros términos asociados al nombre Viscount of-
Subdivisión de forma Biografías.
9 (RLIN) 85365
852 ## - LOCALIZACIÓN
Ubicación ES-MaACL
Número de control de estantería G-11490-91
Nota libre -- Enc. tela azul con hierros dorados
Holdings
Estatus retirado Estado de pérdida Estado de daño No para préstamo Colección Biblioteca de origen Biblioteca actual Ubicación en estantería Fecha de adquisición Total de préstamos Signatura topográfica completa Código de barras Visto por última vez Precio de reemplazo Tipo de ítem Koha
        Libros del s. XIX Biblioteca del Ateneo de Madrid Biblioteca del Ateneo de Madrid Sala Pecera Planta 3 17/01/2008   G-11490-91 1165912 23/02/2023 23/02/2023 Libro impreso antiguo